| 000 | 00538nam a2200181 a 4500 | ||
|---|---|---|---|
| 001 | 5994 | ||
| 003 | CDMR | ||
| 005 | 20131023162940.0 | ||
| 008 | 130220s2005||||||||||||||||||||||||||||d | ||
| 040 |
_aCDMR _bcat _cCDMR |
||
| 100 | 1 |
_aPalacio, Manuel _92997 |
|
| 245 | 1 | 0 |
_aHistoria de la televisión en España _cManuel Palacio |
| 260 |
_aPozuelo de Alarcón _bAcademia de las Ciencias y las Artes de Televisión |
||
| 260 |
_aBarcelona _bGedisa _c2005 |
||
| 300 |
_a198 p ; _c19 cm |
||
| 490 | 0 |
_aEstudios de Televisión _v17 |
|
| 942 |
_cMON _2udc |
||
| 999 |
_c5994 _d5994 |
||